Normal view
MARC view
Entry Topical Term
001 - CONTROL NUMBER
- control field: 729994
003 - CONTROL NUMBER IDENTIFIER
- control field:
005 - DATE AND TIME OF LATEST TRANSACTION
- control field: 20210627044200.0
008 - FIXED-LENGTH DATA ELEMENTS
- fixed length control field: 210627|| aca||aabn | a|a d
040 ## - CATALOGING SOURCE
- Original cataloging agency:
- Transcribing agency:
150 ## - HEADING--TOPICAL TERM
- Topical term or geographic name entry element: Medicine
- General subdivision: Research grants
- Geographic subdivision: United States
670 ## - SOURCE DATA FOUND
- Source citation: Work cat.: ()599329: United States. Department of Health, Education, and Welfare 703319, Extramural search and training program grant and contract summaries /, 1979
